书目信息 |
| 题名: |
现代广告摄影
|
|
| 作者: | 张雄 主编 | |
| 分册: | ||
| 出版信息: | 长沙 湖南人民出版社 2009.10 |
|
| 页数: | 112页 | |
| 开本: | 25×26cm | |
| 丛书名: | ||
| 单 册: | ||
| 中图分类: | J412.9 | |
| 科图分类: | ||
| 主题词: | 广告--guang gao--摄影--高等学校--教材 | |
| 电子资源: | ||
| ISBN: | 978-7-5438-5995-1 | |
| 000 | 00907nam0 2200241 450 | |
| 001 | 012010970823 | |
| 005 | 20101107105038.10 | |
| 010 | @a978-7-5438-5995-1@dCNY58.00 | |
| 100 | @a20101107d2009 em y0chiy0120 ea | |
| 101 | 0 | @achi |
| 102 | @aCN@b430000 | |
| 105 | @aa z 000yy | |
| 106 | @ar | |
| 200 | 1 | @a现代广告摄影@Axian dai guang gao she ying@f张雄主编@Fzhang xiong zhu bian |
| 210 | @a长沙@c湖南人民出版社@d2009.10 | |
| 215 | @a112页@c图@d25×26cm | |
| 300 | @a21世纪高等学校美术与设计专业规划教材 | |
| 330 | @a本书共分为五个部分,系统讲述了广告摄影的定义、特性、发展历程,广告摄影与艺术摄影的区别,广告摄影在媒介上的应用分类与特点,广告摄影的作业流程,及广告摄影师的知识结构与职业特征以及专业器材设备等。 | |
| 606 | 0 | @a广告@Aguang gao@x摄影@x高等学校@j教材 |
| 690 | @aJ412.9@v4 | |
| 701 | 0 | @a张雄@Azhang xiong@4主编 |
| 801 | 0 | @aCN@bQSSK@c20101107 |
| 905 | @b788179-80@dJ412.9@eZ212@f2 | |
| 现代广告摄影/张雄主编.-长沙:湖南人民出版社,2009.10 |
| 112页:图;25×26cm |
| 21世纪高等学校美术与设计专业规划教材 |
| ISBN 978-7-5438-5995-1:CNY58.00 |
| 本书共分为五个部分,系统讲述了广告摄影的定义、特性、发展历程,广告摄影与艺术摄影的区别,广告摄影在媒介上的应用分类与特点,广告摄影的作业流程,及广告摄影师的知识结构与职业特征以及专业器材设备等。 |
| ● |
| 相关链接 |
|
|
|
正题名:现代广告摄影
索取号:J412.9/Z212
 
预约/预借
| 序号 | 登录号 | 条形码 | 馆藏地/架位号 | 状态 | 备注 |
| 1 | 788179 | 207881791 | 社科库309/309社科库 84排1列3层/ [索取号:J412.9/Z212] | 在馆 | |
| 2 | 788180 | 207881808 | 社科库309/309社科库 84排1列3层/ [索取号:J412.9/Z212] | 在馆 |